1176 1475 1538 1481 1977 1174 1717 1377 1054 1781 1144 1321 1653 1445 1104 1655 1527 1245 1561 1922 1940 1953 1972 1485 1840 1568 1120 1859 1161 1912 1994 1547 1697 1586 1518 1796 1604 1114 1079 1601 1866 1903 1058 1759 1065 1486 1236 1580 1824 1191 1673 1799 1735 1852 1513 1733 1622 1365 1397 1900 1795 1523 1418 1964 1268 1583 1141 1218 1295 1691 1523 1186 1060 1825 1675 1921 1109 1500 1547 1769 1619 1757 1733 1638 1045 1836 1753 1714 1573 1270 1261 1718 1635 1898 1683 1997 1017 1062 1729 BCNSPRNW ULIB Ver.6.0+V

เปลี่ยนเป็นภาษาไทย

Change to English
 แสดงรายละเอียดบรรณานุกรม
  กลับหน้าหลัก

Brief Record : Get Marc (ISO 2709) : E-mail record : QR code < ปิดหน้าต่าง
LEADER : 00000nam 2200000uu 4500
001    13399112448
003     ULIB
008    110627s2551||||th 000 0 tha d
020    9789743192678
090    นว.^bอ463M 2551
100 0  อะมีราห์
245 00 My Beloved Enemy...ปมรักในรอยแค้น/^cอะมีราห์
250    พิมพ์ครั้งที่ 2
260    กรุงเทพฯ :^bแจ่มใส,^c2551
300    168 หน้า
710 1  แจ่มใส
945    ^p129^l0^i030451
995    ทศพร
999 ^a ใช้งานได้ทุกระบบ
รายการนี้ยังไม่มีแท็ก
คุณยังไม่ได้ล็อกอิน คุณสามารถมีกิจกรรมร่วมกับเว็บไซต์ได้ แต่ต้องล็อกอินก่อน ::
  ล็อกอิน

รายการสื่อสารสนเทศ

ลำดับที่ ประเภท เลขเรียก/บาร์โค้ด สถานที่ สถานะ
- ไม่พบข้อมูล -

BibComment


ยังไม่เคยถูกคอมเมนท์

คอมเมนท์ทรัพยากรรายการนี้
  คอมเมนท์: My Beloved Enemyป..


 Copyright 2026. Bcnsprnw @Library